000 00768nam a22002057a 4500
003 OSt
005 20211214121859.0
008 120208t xxu||||| |||| 00| 0 eng d
020 _a9781840784299
040 _cLC
050 _aHD57.7.P82
100 _qPoole, Jon
245 _aLeadership: discover techniques to suit your personality. /
_cJon Poole
260 _aSoutham, UK:
_bIn Easy Steps,
_c2011.
300 _a191 p.:
_bill.;
500 _aIncludes index.
505 _aContents: The role of a leader -- Leadership behaviors -- Empowering people -- Valuing others' views -- Maximizing performance -- Developing talents -- Le4adership in practice -- Decision making -- Your development -- Useful resources --
650 _aLeadership
942 _2lcc
_cBK
999 _c8289
_d15789